| 000 | 00614cam a22002173a 4500 | ||
|---|---|---|---|
| 001 | 44653 | ||
| 003 | PGUSA | ||
| 005 | 20140828084023.0 | ||
| 008 | 140120s2014||||xxu|||||s|||||000 | eng d | ||
| 040 |
_aPGUSA _beng |
||
| 042 | _adc | ||
| 100 | 1 | _aLane, George M. | |
| 245 | 1 | 2 |
_aA Latin Grammar for Schools and Colleges _h[electronic resource] / _cGeorge M. Lane |
| 260 |
_bProject Gutenberg, _c2014 |
||
| 506 | _aPublic domain in the USA. | ||
| 516 | _aElectronic text | ||
| 700 | 1 | _aMorgan, Morris H. | |
| 830 | 0 |
_aProject Gutenberg _v44653 |
|
| 856 | 4 | 0 | _uhttp://www.gutenberg.org/ebooks/44653 |
| 942 | _cEB | ||
| 999 |
_c273904 _d273904 |
||